LIBRARY & INFORMATION CENTRE, KCAET, TAVANUR

ONLINE PUBLIC ACCESS CATALOGUE (OPAC)

FUTURE PROJECTION OF STREAMFLOW AND GROUNDWATER RECHARGE IN PERIYAR RIVER BASIN USING CMIP6 APPROACH (Record no. 19630)

MARC details
000 -LEADER
fixed length control field 00656nam a22001817a 4500
003 - CONTROL NUMBER IDENTIFIER
control field OSt
082 ## - DEWEY DECIMAL CLASSIFICATION NUMBER
Classification number 631.587
Item number RAH/FU
088 ## - REPORT NUMBER
Report number P 655
100 ## - MAIN ENTRY--AUTHOR NAME
Personal name RAHUL KUMAR SRIVASTAVA
100 ## - MAIN ENTRY--AUTHOR NAME
Personal name KHADHEEJA RABEEAH
100 ## - MAIN ENTRY--AUTHOR NAME
Personal name VISMAYA K P
245 ## - TITLE STATEMENT
Title FUTURE PROJECTION OF STREAMFLOW AND GROUNDWATER RECHARGE IN PERIYAR RIVER BASIN USING CMIP6 APPROACH
260 ## - PUBLICATION, DISTRIBUTION, ETC. (IMPRINT)
Place of publication Tavanur
Name of publisher DEPARTMENT OF IRRIGATION AND DRAINAGE ENGINEERING, KELAPPAJI COLLEGE OF AGRICULTURAL ENGINEERING AND FOOD TECHNOLOGY
Year of publication 2025
700 ## - ADDED ENTRY--PERSONAL NAME
Personal name Asha Joseph
856 ## - ELECTRONIC LOCATION AND ACCESS
Uniform Resource Identifier http://14.139.181.140:8080/jspui/handle/123456789/2200
942 ## - ADDED ENTRY ELEMENTS (KOHA)
Koha item type Project Report
Holdings
Collection code Home library Current library Full call number Accession Number Koha item type
Reference KAUAET KAUAET 631.587 RAH/FU P 655 Project Report
free website counter